000 00323 a2200109 4500
001 ART_2219
005 20260410161723.0
008 260409a
245 1 0 _aContabilidad y auditoría
100 1 _aGarcía, Sergio O.
773 0 _tAdministración de empresas
_g- Año XVIII, Nº 214 (ene. 1988)
_wREV2036
999 _c17192
_d17192